000 00626nam a2200229Ia 4500
003 OSt
005 20220924124625.0
006 a|||||r|||| 00| 0
007 ta
008 220923b |||||||| |||| 00| 0 urd d
024 _a316594
037 _cTextual
040 _aARTS
_cARTS
_burd
041 _2urd
_aurd
082 _aO168,3x, P7
100 _aE.V.Ramakrishnan
_9196415
245 0 _aHindustani kahaniyan 1951-2000
260 _aNew Delhi
_b Sahitya Akademi India
_c2007
650 _aURDU FICTION
_93298
942 _hO168,3x, P7
_cTEXL
_2CC
999 _c420274
_d420274